National Anthem of Yugoslavia (Kingdom) - Himna Kraljevine Jugoslavije - Statistics

General Stats
  • This quiz has been taken 6 times
  • The average score is 40 of 82
Answer Stats
Lyrics % Correct
Od
100%
od
100%
od
100%
Ti
100%
Ti
100%
Bože,
80%
Bože,
80%
Bože,
80%
do
80%
domovino,
80%
i
80%
I
80%
i
80%
Lijepa
80%
Na
80%
Na
80%
nas,
80%
naš
80%
naš
80%
naša
80%
pravde,
80%
propasti
80%
spas!
80%
spase
80%
što
80%
budi
60%
Čuj
60%
glase,
60%
nam
60%
sad
60%
sad
60%
sad
60%
se
60%
bi
40%
bila!
40%
Da
40%
djedovino,
40%
hrani
40%
hrani,
40%
junačka
40%
Kralja
40%
Kralja
40%
mila,
40%
Moli
40%
naše
40%
Našeg
40%
Oj
40%
Petra,
40%
rod!
40%
rod.
40%
slave
40%
slave,
40%
slave,
40%
spasi,
40%
sretna
40%
Stare
40%
vazda
40%
blagor
20%
blagor
20%
boj
20%
boj
20%
govori!
20%
govori!
20%
junaška
20%
junaška
20%
kri!
20%
kri!
20%
Naj
20%
Naj
20%
Naprej
20%
Naprej
20%
očetnjave
20%
očetnjave
20%
puška
20%
puška
20%
Za
20%
Za
20%
zastava
20%
zastava
20%
zemljo
20%
Brože
0%
nav
0%
No matching quizzes found
Score Distribution
Percent of People with Each Score
Percentile by Number Answered
Your Score History
You have not taken this quiz